[Event "8th HD Bank Cup 2018"]
[Site "Hanoi VIE"]
[Date "2018.03.14"]
[Round "8.9"]
[White "Wen, Yang"]
[Black "Nguyen, Anh Khoi"]
[Result "1-0"]
[WhiteTitle "GM"]
[BlackTitle "IM"]
[WhiteElo "2608"]
[BlackElo "2435"]
[WhiteFideId "8602956"]
[BlackFideId "12404675"]
[EventDate "2018.03.10"]

1. d4 Nf6 2. Nf3 g6 3. g3 b6 4. Bg2 Bb7 5. O-O Bg7 6. c4 O-O 7. Qc2 c5 8. d5 b5
9. e4 d6 10. Rd1 Nfd7 11. cxb5 a6 12. b6 Nxb6 13. Bd2 a5 14. Bc3 a4 15. Bxg7
Kxg7 16. a3 Bc8 17. h3 Na6 18. Nc3 Nc7 19. e5 f6 20. e6 Ba6 21. h4 Qe8 22. h5
Rb8 23. Nh4 Bc4 24. Qc1 g5 25. Nf5+ Kh8 26. f4 g4 27. Rd2 Bb3 28. Be4 Rb7 29.
Qf1 Nc4 30. Rh2 Nb6 31. Qd3 Bc4 32. Qd1 Nb5 33. Rh4 Bb3 34. Qxg4 Rg8 35. Nh6
Rxg4 36. Rxg4 Nxc3 37. bxc3 Nxd5 38. Rb1 Nxc3 39. Nf7+ Qxf7 40. exf7 Rb8 41. Re1
Bxf7 42. Bf5 Bxh5 43. Rh4 Rb2 44. Rxh5 Ne2+ 45. Rxe2 Rxe2 46. Rxh7+ Kg8 47. Rh2
Re1+ 48. Kf2 Ra1 49. Be6+ Kg7 50. Kf3 Rxa3+ 51. Kg4 Re3 52. Kf5 a3 53. g4 Rd3
54. Rc2 Rd4 55. Ra2 Ra4 56. Bb3 Ra5 57. Ke6 Kf8 58. Ra1 Ra7 59. Ra2 Ra5 60. Bd5
Ra4 61. Kf5 Rd4 62. Be6 Rd3 63. Kg6 Re3 64. Rh2 1-0

[Event "8th HD Bank Cup 2018"]
[Site "Hanoi VIE"]
[Date "2018.03.14"]
[Round "8.10"]
[White "Rozum, Ivan"]
[Black "Raja, Harshit"]
[Result "1/2-1/2"]
[WhiteTitle "GM"]
[BlackTitle "IM"]
[WhiteElo "2582"]
[BlackElo "2444"]
[WhiteFideId "24104272"]
[BlackFideId "5089000"]
[EventDate "2018.03.10"]

1. c4 c5 2. b3 e5 3. Bb2 Nc6 4. g3 Nf6 5. Bg2 d5 6. cxd5 Nxd5 7. Nf3 Bd6 8. Nc3
Nxc3 9. dxc3 O-O 10. Nd2 Be6 11. Nc4 Bxc4 12. bxc4 Qe7 13. Qc2 f5 14. Bd5+ Kh8
15. O-O-O e4 16. f4 Qf6 17. e3 Rab8 18. g4 Ne7 19. Kb1 Bc7 20. Qa4 fxg4 21. Bxe4
Qe6 22. Qc2 Rfd8 23. Bd3 g6 24. Bc1 Nf5 25. e4 Nd6 26. f5 Qe5 27. Ka1 Ba5 28.
Bb2 b5 29. cxb5 c4 30. Be2 Nxe4 31. fxg6 Rxd1+ 32. Rxd1 Rxb5 33. Bxc4 Rxb2 34.
g7+ Kxg7 35. Rd7+ Kh6 36. Kxb2 Bxc3+ 37. Kb1 Qf4 38. Qe2 Bf6 39. Kc2 Qe5 40.
Qe3+ Bg5 41. Qd3 Qxh2+ 42. Qe2 g3 43. Qxh2+ gxh2 44. Rd1 Nf2 45. Bd5 Be3 46. Rf1
Kg5 47. Rxf2 Bxf2 48. Kd3 Kf4 49. Ke2 Kg3 50. Bc6 h5 51. Bb7 h4 52. Bc6 a5 53.
a4 Bb6 54. Bh1 Ba7 55. Kf1 h3 56. Ke2 Kf4 57. Kd3 Bb6 58. Ke2 Kg3 59. Kf1 Bc5
60. Ke2 Bb4 61. Kf1 Kf4 62. Ke2 Bc5 63. Kd3 Ke5 64. Kc4 Bb6 65. Kd3 Ba7 66. Kc4
Kd6 67. Kb5 Ke5 1/2-1/2

[Event "8th HD Bank Cup 2018"]
[Site "Hanoi VIE"]
[Date "2018.03.14"]
[Round "8.11"]
[White "Sivuk, Vitaly"]
[Black "Harsha, Bharathakoti"]
[Result "1-0"]
[WhiteTitle "GM"]
[BlackTitle "IM"]
[WhiteElo "2526"]
[BlackElo "2443"]
[WhiteFideId "14116502"]
[BlackFideId "5078776"]
[EventDate "2018.03.10"]

1. e4 e5 2. Nf3 Nc6 3. Bc4 Bc5 4. c3 Nf6 5. d4 exd4 6. e5 d5 7. Bb5 Ne4 8. cxd4
Bb6 9. Nc3 O-O 10. Be3 Bg4 11. h3 Bh5 12. Qc2 Bg6 13. Qb3 Ne7 14. O-O c6 15. Bd3
Nxc3 16. Qxc3 Qd7 17. a4 Ba5 18. Qxa5 Bxd3 19. Rfe1 Be4 20. Nd2 Bg6 21. Qc3 a5
22. b4 axb4 23. Qxb4 Nf5 24. a5 f6 25. Bf4 fxe5 26. Bxe5 Nh4 27. Ra3 Rf7 28. f3
Bf5 29. Bg3 Ng6 30. Kh2 Re8 31. Nb3 Rxe1 32. Qxe1 Re7 33. Qd2 Qe8 34. Ra2 Bc8
35. Nc5 Qf7 36. Rb2 Qf6 37. Rb4 h5 38. Nd3 Bf5 39. Ne5 Nxe5 40. Bxe5 Qg6 41. Qf4
Rf7 42. Qg3 Kh7 43. Qxg6+ Kxg6 44. g4 Bd3 45. Kg3 Bb5 46. f4 hxg4 47. hxg4 Rf8
48. Rb1 Kf7 49. Rh1 Kg8 50. f5 Bd3 51. Kf4 Ra8 52. Rh5 Rf8 53. Rg5 Rf7 54. Ke3
Be4 55. Kd2 Kh7 56. Kc3 Bf3 57. Kb4 Be2 58. Kc5 Rd7 59. Kb6 Re7 60. Rg6 Bd3 61.
Rd6 Rf7 62. Re6 Rd7 63. Bc7 c5 64. dxc5 d4 65. Rd6 1-0

[Event "8th HD Bank Cup 2018"]
[Site "Hanoi VIE"]
[Date "2018.03.14"]
[Round "8.12"]
[White "Tran, Tuan Minh"]
[Black "Pascua, Haridas"]
[Result "1-0"]
[WhiteTitle "GM"]
[BlackTitle "IM"]
[WhiteElo "2522"]
[BlackElo "2431"]
[WhiteFideId "12401820"]
[BlackFideId "5203953"]
[EventDate "2018.03.10"]

1. d4 g6 2. e4 Bg7 3. Nc3 d6 4. f4 c6 5. Nf3 Nf6 6. Bd3 O-O 7. O-O Bg4 8. Be3 e5
9. dxe5 dxe5 10. f5 gxf5 11. exf5 e4 12. Nxe4 Nxe4 13. Bxe4 Qe7 14. Qd3 Nd7 15.
Nd2 Rad8 16. Rae1 Rfe8 17. Bf4 Qc5+ 18. Kh1 Nf6 19. Qg3 h5 20. Bd3 Rxe1 21. Rxe1
Re8 22. Rxe8+ Nxe8 23. h3 1-0

[Event "8th HD Bank Cup 2018"]
[Site "Hanoi VIE"]
[Date "2018.03.14"]
[Round "8.13"]
[White "Xu, Yi"]
[Black "Pham, Chuong"]
[Result "1-0"]
[WhiteTitle "IM"]
[BlackTitle "IM"]
[WhiteElo "2499"]
[BlackElo "2393"]
[WhiteFideId "8605564"]
[BlackFideId "12401218"]
[EventDate "2018.03.10"]

1. e4 c5 2. Nf3 Nc6 3. Bb5 d6 4. O-O Bd7 5. Re1 Nf6 6. c3 a6 7. Bf1 Bg4 8. h3
Bh5 9. g4 Bg6 10. d4 e5 11. d5 Nb8 12. Nbd2 Be7 13. Nh4 O-O 14. f3 Nbd7 15. a4
h6 16. a5 Ne8 17. Ng2 Bg5 18. Nc4 Bh7 19. Be3 g6 20. Qd2 Qe7 21. Bd3 Bxe3+ 22.
Ngxe3 Kh8 23. Kh2 Rc8 24. Rg1 Nef6 25. Bc2 Ng8 26. Rg2 Rfd8 27. Rag1 Qf6 28. Qf2
g5 29. h4 Ne7 30. h5 Rc7 31. Ra1 Nc8 32. Rgg1 Qe7 33. Ba4 f6 34. Rgc1 Bg8 35. b4
Qf8 36. Nf5 Bh7 37. Nfe3 Bg8 38. Rab1 Bf7 39. Nf5 Be8 40. Kg2 Kh7 41. Rc2 Kh8
42. Kg3 Kh7 43. Qe2 Kh8 44. Nce3 Na7 45. Nc4 Nc8 46. Rcb2 cxb4 47. cxb4 Kh7 48.
Rc2 Nb8 49. Bxe8 Rxe8 50. Rbc1 Rd8 51. Qe3 Nd7 52. Nxe5 Rxc2 53. Nxd7 Rxd7 54.
Rxc2 Ne7 55. Nd4 Qf7 56. Ne6 f5 57. gxf5 Ng8 58. Rc8 Re7 59. Qd4 Nf6 60. Rf8 1-0

[Event "8th HD Bank Cup 2018"]
[Site "Hanoi VIE"]
[Date "2018.03.14"]
[Round "8.14"]
[White "Hoang, Canh Huan"]
[Black "Karthikeyan, P."]
[Result "1/2-1/2"]
[WhiteTitle "FM"]
[BlackTitle "IM"]
[WhiteElo "2402"]
[BlackElo "2473"]
[WhiteFideId "12400599"]
[BlackFideId "5018226"]
[EventDate "2018.03.10"]

1. e4 e5 2. Bc4 Nf6 3. d3 c6 4. Nf3 d5 5. Bb3 a5 6. a3 Bd6 7. Nc3 dxe4 8. Ng5
O-O 9. Ncxe4 Nxe4 10. Nxe4 Bf5 11. Qf3 Bg6 12. O-O Be7 13. Re1 Nd7 14. Ba2 Kh8
15. Ng3 f5 16. Bd2 Bd6 17. Bc3 Qc7 18. Qd1 Rae8 19. Qd2 a4 20. Bb4 c5 21. Bc3
Qc6 22. b3 axb3 23. Bxb3 Nf6 24. a4 Nd5 25. Bc4 Nxc3 26. Qxc3 Re7 27. Qb3 1/2-1/2

[Event "8th HD Bank Cup 2018"]
[Site "Hanoi VIE"]
[Date "2018.03.14"]
[Round "8.15"]
[White "Chen, Qi b"]
[Black "Nguyen, Van Huy"]
[Result "1/2-1/2"]
[BlackTitle "IM"]
[WhiteElo "2359"]
[BlackElo "2454"]
[WhiteFideId "8614733"]
[BlackFideId "12401064"]
[EventDate "2018.03.10"]

1. e4 c6 2. Nc3 d5 3. Nf3 Bg4 4. h3 Bxf3 5. Qxf3 e6 6. Be2 Nf6 7. O-O Nbd7 8. d4
dxe4 9. Nxe4 Nxe4 10. Qxe4 Nf6 11. Qd3 Bd6 12. Rd1 O-O 13. a4 Qc7 14. Qf3 a5 15.
c3 Rad8 16. Bd3 Rd7 17. Re1 Nd5 18. g3 Rfd8 19. Kg2 Be7 20. h4 Qb6 21. Re2 h6
22. h5 Rc8 23. Rb1 Qd8 24. Bd2 Bg5 25. Be1 b6 26. Rd1 Nf6 27. Re5 Rd5 28. Qe2
Nd7 29. Rxd5 exd5 30. Bc2 Nf8 31. Qd3 Qc7 32. b4 Be7 33. bxa5 bxa5 34. Rb1 Rb8
35. Qa6 Rxb1 36. Bxb1 Bd8 37. Bf5 Ne6 38. Bd2 Kf8 39. Bc1 Ke8 40. Ba3 Be7 41.
Qa8+ Nd8 42. Bc1 Bg5 43. Ba3 Be7 44. Bc1 Bg5 45. f4 Be7 46. Be3 Bd6 47. Bf2 Ke7
48. Qa6 Kf8 49. Qe2 Qb7 50. Qc2 Ne6 51. Bg4 Kg8 52. Qe2 Qd7 53. Bh3 Kf8 54. Qa6
Qc7 55. Qa8+ Nd8 56. Bg4 Ke7 57. Qa6 Kf8 58. Qd3 Qe7 59. Qh7 Qf6 60. Qh8+ Ke7
61. Be2 Ba3 62. Qh7 Kd7 63. Qb1 Kc7 64. c4 Qe6 65. Qc2 Bb4 66. cxd5 Qxd5+ 67.
Bf3 Qd7 68. d5 Qd6 69. dxc6 Nxc6 70. Qc4 f6 71. Qb5 Nd8 72. Qc4+ Kd7 73. Bg4+
Ke8 74. Qe4+ Kf8 75. Qh7 Nf7 76. Qf5 Qc6+ 77. Bf3 Qxa4 78. Bc5+ Nd6 79. Qc8+ Qe8
80. Qc7 Bxc5 81. Qxc5 Qd8 82. Bc6 Kg8 83. Qd5+ Kh8 84. Ba4 Qc7 85. Kh2 Qd8 86.
Bc2 Qe8 87. Bg6 Qd8 88. Bc2 Qc7 89. Bg6 Qd8 90. Bc2 Qc7 91. Bg6 Nc8 92. Bf5 Nb6
93. Qxa5 Qd8 94. Bc2 Qd5 95. Qxb6 1/2-1/2

[Event "8th HD Bank Cup 2018"]
[Site "Hanoi VIE"]
[Date "2018.03.14"]
[Round "8.16"]
[White "Cao, Sang"]
[Black "Sethuraman, S.P."]
[Result "1-0"]
[WhiteTitle "GM"]
[BlackTitle "GM"]
[WhiteElo "2381"]
[BlackElo "2649"]
[WhiteFideId "725056"]
[BlackFideId "5021596"]
[EventDate "2018.03.10"]

1. d4 d5 2. Nf3 Nf6 3. e3 e6 4. Bd3 c5 5. b3 Nc6 6. O-O Bd6 7. Bb2 O-O 8. Nbd2
b6 9. a3 Bb7 10. Qe2 Rc8 11. Rfd1 Qe7 12. dxc5 bxc5 13. c4 Rfd8 14. e4 dxe4 15.
Nxe4 Nxe4 16. Bxe4 h6 17. Qe3 Bc7 18. Bc3 Bb6 19. h3 f6 20. Bc2 Nd4 21. Nxd4
cxd4 22. Rxd4 Bxd4 23. Bxd4 a6 24. Qd3 Kf8 25. Qe3 Kg8 26. Qd3 Kf8 27. Qe3 Qd6
28. Bxf6 gxf6 29. Qxh6+ Ke8 30. Qg6+ Kf8 31. Qxf6+ Kg8 32. Qg6+ Kf8 33. Qh6+ Ke8
34. Qh5+ Kf8 35. Qh8+ Kf7 36. Qh7+ Kf8 37. Qxb7 Qd2 38. Qf3+ Ke7 39. Qe4 Rf8 40.
Qb7+ Kf6 41. Qf3+ Ke7 42. Qb7+ Kf6 43. Qh7 Rf7 44. Qh4+ Kg7 45. Qg3+ Kf8 46. Bg6
Rf6 47. Bh5 Qh6 48. Qd6+ Kg8 49. Bg4 Rcf8 50. Re1 Rxf2 51. Qxe6+ Qxe6 52. Rxe6
Rb2 53. b4 Ra2 54. Rxa6 1-0

[Event "8th HD Bank Cup 2018"]
[Site "Hanoi VIE"]
[Date "2018.03.14"]
[Round "8.17"]
[White "Zhang, Ziji"]
[Black "Aravindh, Chithambaram VR."]
[Result "1/2-1/2"]
[BlackTitle "GM"]
[WhiteElo "2374"]
[BlackElo "2617"]
[WhiteFideId "8609470"]
[BlackFideId "5072786"]
[EventDate "2018.03.10"]

1. d4 d6 2. Nf3 Nf6 3. c4 g6 4. Nc3 Bg4 5. e3 Bg7 6. h3 Bxf3 7. Qxf3 Nc6 8. d5
Ne5 9. Qd1 O-O 10. Be2 c6 11. dxc6 bxc6 12. O-O Ned7 13. Qc2 a5 14. e4 Nc5 15.
Be3 Nfd7 16. Bg4 Nb6 17. Rad1 Qc7 18. b3 h5 19. Be2 Nbd7 20. Bd2 Rfb8 21. Rb1 e5
22. g3 Ne6 23. Na4 Ndc5 24. Be3 Kh7 25. Kg2 Bh6 26. Nc3 h4 27. Bg4 Bxe3 28. fxe3
hxg3 29. h4 Kg7 30. Kxg3 Rh8 31. Rh1 Qe7 32. Rh2 Rh6 33. Rbh1 Nd7 34. Bf3 Rah8
35. Qd2 Nf6 36. Qg2 Qa7 37. Qd2 Qe7 38. Qg2 Nc5 39. Qd2 Qe6 40. Qe2 Qe7 41. Qd1
Qb7 42. Qxd6 Qb4 43. Qxc6 Qxc3 44. Qxc5 Rd8 45. Re2 Rdh8 46. Qd6 g5 47. Qd2
gxh4+ 48. Kh3 Qb4 49. Qxb4 axb4 50. c5 Rg6 51. Rg2 Nh7 52. Rxg6+ Kxg6 53. Kxh4
Ng5+ 54. Kg3 Rxh1 55. Bxh1 Ne6 56. c6 Kf6 57. Kg4 Ke7 58. Kf5 f6 59. Bf3 Ng7+
60. Kg6 Ne8 61. Be2 Nc7 62. Bc4 Ne8 63. Bd5 Nc7 64. Kf5 Nb5 65. Bc4 Nc7 66. Kg4
Kd6 67. Bd5 Nb5 68. Kf5 Ke7 69. Kg6 Nc7 70. Bc4 Ne8 71. Bg8 Nc7 72. Bf7 Nb5 73.
Bc4 Nc7 74. a3 bxa3 75. b4 Nb5 76. Bxb5 1/2-1/2

[Event "8th HD Bank Cup 2018"]
[Site "Hanoi VIE"]
[Date "2018.03.14"]
[Round "8.18"]
[White "Xu, Zhihang"]
[Black "Saduakassova, Dinara"]
[Result "0-1"]
[WhiteTitle "FM"]
[BlackTitle "IM"]
[WhiteElo "2364"]
[BlackElo "2479"]
[WhiteFideId "8611572"]
[BlackFideId "13700090"]
[EventDate "2018.03.10"]

1. Nf3 Nf6 2. c4 b6 3. g3 Bb7 4. Bg2 g6 5. O-O Bg7 6. d4 O-O 7. d5 Ne4 8. Qc2 f5
9. Nbd2 Nd6 10. Nb3 e5 11. Be3 a5 12. Rac1 Na6 13. Nbd2 Qe7 14. Rfe1 e4 15. Ng5
h6 16. Nh3 g5 17. f4 exf3 18. exf3 Qf6 19. b3 Nb4 20. Qb1 Qb2 21. Nf1 Qxa2 22.
Qxa2 Nxa2 23. Rc2 Nb4 24. Rce2 a4 25. c5 bxc5 26. bxa4 c4 27. f4 g4 28. Nf2 Bxd5
29. Bc5 Bxg2 30. Kxg2 Rxa4 31. Re7 Rf7 32. Rxf7 Kxf7 33. Ne3 c3 34. Bxd6 cxd6
35. Nxf5 c2 36. Ne3 Ra2 37. Nf5 Ra1 38. Re7+ Kf8 0-1

[Event "8th HD Bank Cup 2018"]
[Site "Hanoi VIE"]
[Date "2018.03.14"]
[Round "8.19"]
[White "Pena Gomez, Manuel"]
[Black "Sammed Jaykumar, Shete"]
[Result "1/2-1/2"]
[WhiteTitle "IM"]
[WhiteElo "2478"]
[BlackElo "2382"]
[WhiteFideId "2252813"]
[BlackFideId "5073421"]
[EventDate "2018.03.10"]

1. g3 Nf6 2. Bg2 g6 3. c4 Bg7 4. Nc3 c5 5. e4 Nc6 6. Nge2 O-O 7. O-O d6 8. d3 a6
9. h3 Rb8 10. a4 Bd7 11. Be3 Ne8 12. Kh2 Nc7 13. d4 b6 14. Rb1 e5 15. dxc5 dxc5
16. f4 Nd4 17. fxe5 Bxe5 18. Bf4 Bxf4 19. gxf4 Nxe2 20. Qxe2 Ne6 21. Qf2 Nd4 22.
b4 Be6 23. Nd5 a5 24. b5 f6 25. Rbe1 Kg7 26. Qg3 Rb7 27. Ne3 Re7 28. h4 Kh8 29.
Nd5 Rd7 30. Rf2 Rg7 31. Rd1 Rfg8 32. Ne3 Rd7 33. Nd5 Rdg7 34. Ne3 1/2-1/2

[Event "8th HD Bank Cup 2018"]
[Site "Hanoi VIE"]
[Date "2018.03.14"]
[Round "8.20"]
[White "Kulkarni, Bhakti"]
[Black "Dao, Thien Hai"]
[Result "1/2-1/2"]
[WhiteTitle "CM"]
[BlackTitle "GM"]
[WhiteElo "2275"]
[BlackElo "2474"]
[WhiteFideId "5019516"]
[BlackFideId "12400084"]
[EventDate "2018.03.10"]

1. d4 f5 2. c4 Nf6 3. Nc3 g6 4. g3 Bg7 5. Bg2 O-O 6. Nh3 e6 7. O-O d6 8. b3 c6
9. Ba3 a5 10. Rc1 Na6 11. Re1 Re8 12. Qd2 Nb4 13. Rcd1 Qc7 14. e4 fxe4 15. Nxe4
Nxe4 16. Bxe4 e5 17. Ng5 d5 18. cxd5 cxd5 19. Bxb4 dxe4 20. dxe5 axb4 21. Qd5+
Kh8 22. Nf7+ Kg8 23. Ng5+ Kh8 24. Nf7+ Kg8 25. Nh6+ 1/2-1/2

[Event "8th HD Bank Cup 2018"]
[Site "Hanoi VIE"]
[Date "2018.03.14"]
[Round "8.21"]
[White "Gara, Ticia"]
[Black "Liu, Guanchu"]
[Result "0-1"]
[WhiteTitle "WGM"]
[BlackTitle "IM"]
[WhiteElo "2357"]
[BlackElo "2460"]
[WhiteFideId "717444"]
[BlackFideId "8603901"]
[EventDate "2018.03.10"]

1. Nf3 e6 2. g3 b5 3. Bg2 Bb7 4. O-O Nf6 5. d3 c5 6. e4 d6 7. a4 b4 8. e5 Nd5 9.
Nbd2 Nd7 10. exd6 Bxd6 11. Nc4 Be7 12. Nfe5 Nxe5 13. Nxe5 Qc7 14. Re1 O-O 15.
Qg4 Bf6 16. Bf4 Nxf4 17. Qxf4 Bxg2 18. Kxg2 Rad8 19. Qe3 b3 20. cxb3 Qb7+ 21.
Nf3 Qd5 22. Rac1 Bxb2 23. Rb1 Bf6 0-1

[Event "8th HD Bank Cup 2018"]
[Site "Hanoi VIE"]
[Date "2018.03.14"]
[Round "8.23"]
[White "Dixit, Nikhil"]
[Black "Li, Yankai"]
[Result "0-1"]
[WhiteElo "2251"]
[BlackElo "2434"]
[WhiteFideId "5059534"]
[BlackFideId "8609357"]
[EventDate "2018.03.10"]

1. e4 c5 2. Nf3 e6 3. b3 b6 4. c4 Bb7 5. Nc3 Nc6 6. Be2 Be7 7. O-O Bf6 8. Rb1 d6
9. Bb2 h5 10. a3 Nh6 11. b4 h4 12. Na4 Bxb2 13. Rxb2 Qf6 14. Qa1 Nd4 15. Nxd4
Qxd4 16. d3 h3 17. g3 f5 18. Rd2 Qxa1 19. Rxa1 O-O-O 20. Nc3 g5 21. Rad1 Bc6 22.
d4 cxb4 23. axb4 Bb7 24. exf5 exf5 25. Ra2 Kb8 26. Rda1 a6 27. b5 axb5 28. Nxb5
Rhe8 29. Nc3 d5 30. Rb2 dxc4 31. Rxb6 Nf7 32. Bf3 Re7 0-1

[Event "8th HD Bank Cup 2018"]
[Site "Hanoi VIE"]
[Date "2018.03.14"]
[Round "8.24"]
[White "Llaneza Vega, Marcos"]
[Black "Moksh, Amit Doshi"]
[Result "1-0"]
[WhiteTitle "IM"]
[WhiteElo "2430"]
[BlackElo "2256"]
[WhiteFideId "2253585"]
[BlackFideId "25064967"]
[EventDate "2018.03.10"]

1. e4 c5 2. Nf3 d6 3. Bb5+ Nd7 4. O-O a6 5. Bd3 Ngf6 6. c3 b5 7. Bc2 c4 8. b3
Bb7 9. Qe2 Qc7 10. bxc4 bxc4 11. Na3 Nb6 12. e5 dxe5 13. Nxe5 Bd5 14. Rb1 g6 15.
Re1 Be6 16. Qf3 Rc8 17. Naxc4 Bd5 18. Rxb6 Bxf3 19. Ba4+ 1-0

[Event "8th HD Bank Cup 2018"]
[Site "Hanoi VIE"]
[Date "2018.03.14"]
[Round "8.25"]
[White "Anand, Nadar"]
[Black "Raghunandan, Kaumandur Srihari"]
[Result "0-1"]
[WhiteTitle "FM"]
[BlackTitle "IM"]
[WhiteElo "2262"]
[BlackElo "2412"]
[WhiteFideId "25009141"]
[BlackFideId "25004964"]
[EventDate "2018.03.10"]

1. d4 Nf6 2. c4 g6 3. Nc3 Bg7 4. e4 d6 5. Be2 O-O 6. Nf3 e5 7. O-O Nc6 8. d5 Ne7
9. b4 a5 10. Ba3 axb4 11. Bxb4 Re8 12. a4 Bf8 13. Re1 c5 14. Ba3 Bh6 15. Bf1 Rf8
16. Nd2 Ne8 17. Nb3 f5 18. f3 Nf6 19. Bc1 f4 20. a5 Bd7 21. Na4 Nc8 22. Bd2 g5
23. h3 Rf7 24. Kf2 Bf8 25. Qc2 Nh5 26. Nc3 g4 27. Ke2 gxf3+ 28. gxf3 Ng3+ 29.
Kd3 Qh4 30. Qd1 Bxh3 31. Bxh3 Qxh3 32. Na4 h5 33. Bc3 h4 34. Ra2 Qd7 0-1

[Event "8th HD Bank Cup 2018"]
[Site "Hanoi VIE"]
[Date "2018.03.14"]
[Round "8.26"]
[White "Bui, Vinh"]
[Black "Nandhidhaa, PV"]
[Result "1-0"]
[WhiteTitle "GM"]
[BlackTitle "WIM"]
[WhiteElo "2400"]
[BlackElo "2261"]
[WhiteFideId "12400726"]
[BlackFideId "5050847"]
[EventDate "2018.03.10"]

1. d4 Nf6 2. Bg5 d5 3. e3 e6 4. Nd2 Be7 5. Bd3 c5 6. c3 Nbd7 7. f4 b6 8. Nh3 Bb7
9. Qf3 h6 10. Bxf6 Nxf6 11. Nf2 Rc8 12. g4 Qc7 13. h4 Nd7 14. h5 a6 15. O-O b5
16. Qh3 cxd4 17. cxd4 Nf6 18. Qg2 O-O 19. Nh3 Kh8 20. Nf3 Ne4 21. Kh1 Bd6 22. g5
hxg5 23. Nhxg5 Nxg5 24. Qxg5 Qe7 25. Qg3 Qf6 26. Rg1 Qh6 27. Rg2 Rc7 28. Rag1
Rfc8 1-0

[Event "8th HD Bank Cup 2018"]
[Site "Hanoi VIE"]
[Date "2018.03.14"]
[Round "8.27"]
[White "Karavade, Eesha"]
[Black "Mithil, Ajgaonkar"]
[Result "0-1"]
[WhiteTitle "IM"]
[WhiteElo "2391"]
[BlackElo "2222"]
[WhiteFideId "5012600"]
[BlackFideId "5017343"]
[EventDate "2018.03.10"]

1. c4 c6 2. Nf3 d5 3. e3 Nf6 4. Nc3 e6 5. b3 Nbd7 6. Qc2 Bd6 7. Bb2 O-O 8. Rg1
e5 9. cxd5 cxd5 10. Nb5 Bb8 11. Rc1 e4 12. Nfd4 Bxh2 13. Rh1 Ng4 14. Be2 Nde5
15. Rxh2 Nxh2 16. Nc7 Nhg4 17. Nf3 exf3 18. gxf3 Qh4 19. fxg4 Qh1+ 20. Bf1 Nf3+ 0-1

[Event "8th HD Bank Cup 2018"]
[Site "Hanoi VIE"]
[Date "2018.03.14"]
[Round "8.28"]
[White "Bogdanovich, Stanislav"]
[Black "Kathmale, Sameer"]
[Result "0-1"]
[WhiteTitle "GM"]
[BlackTitle "IM"]
[WhiteElo "2560"]
[BlackElo "2320"]
[WhiteFideId "14115298"]
[BlackFideId "5024498"]
[EventDate "2018.03.10"]

1. Nc3 d5 2. d4 Nf6 3. Nf3 Bf5 4. Bf4 c6 5. g3 e6 6. Nh4 Bb4 7. Nxf5 exf5 8. Bg2
O-O 9. O-O Re8 10. Qd3 g6 11. Bxb8 Qxb8 12. e3 Bxc3 13. Qxc3 Qd6 14. Qb3 Re7 15.
c4 dxc4 16. Qxc4 h5 17. b4 Ne4 18. Rfc1 h4 19. b5 cxb5 20. Qxb5 Kg7 21. Rc2 hxg3
22. hxg3 Rc7 23. Rxc7 Qxc7 24. Rb1 b6 25. Qd3 Re8 26. a4 Re7 27. g4 Re8 28. gxf5
gxf5 29. a5 0-1

[Event "8th HD Bank Cup 2018"]
[Site "Hanoi VIE"]
[Date "2018.03.14"]
[Round "8.29"]
[White "Kunal, M."]
[Black "Deepan, Chakkravarthy J."]
[Result "0-1"]
[BlackTitle "GM"]
[WhiteElo "2340"]
[BlackElo "2520"]
[WhiteFideId "5018250"]
[BlackFideId "5011132"]
[EventDate "2018.03.10"]

1. e4 c5 2. Nf3 d6 3. Bb5+ Nd7 4. a4 a6 5. Bxd7+ Bxd7 6. a5 g6 7. d3 Bg7 8. Nc3
Nf6 9. O-O O-O 10. h3 h6 11. Nd2 Bc6 12. Nc4 Nd7 13. Nd5 e6 14. Ndb6 Nxb6 15.
Nxb6 Rb8 16. Re1 Kh7 17. c3 f5 18. exf5 exf5 19. d4 cxd4 20. cxd4 Qh4 21. d5 Bb5
22. Ra3 Rbe8 23. Rae3 Rxe3 24. Rxe3 Rf7 25. Re6 Qb4 26. Qd2 Qb3 27. Qe3 Qd1+ 28.
Qe1 Qxe1+ 29. Rxe1 f4 30. Re6 g5 31. b3 0-1

[Event "8th HD Bank Cup 2018"]
[Site "Hanoi VIE"]
[Date "2018.03.14"]
[Round "8.30"]
[White "Setyaki, Azarya Jodi"]
[Black "Nguyen, Anh Dung"]
[Result "1/2-1/2"]
[WhiteTitle "FM"]
[BlackTitle "GM"]
[WhiteElo "2331"]
[BlackElo "2491"]
[WhiteFideId "7101589"]
[BlackFideId "12400025"]
[EventDate "2018.03.10"]

1. e4 e5 2. Nf3 Nc6 3. Nc3 Nf6 4. h3 Bb4 5. Bd3 O-O 6. O-O d6 7. a3 Ba5 8. b4
Bb6 9. Na4 Ne7 10. c3 d5 11. Nxb6 axb6 12. Re1 dxe4 13. Bxe4 Nxe4 14. Rxe4 Ng6
15. Nxe5 Re8 16. Rd4 Qe7 17. Nxg6 hxg6 18. Qf1 Bf5 19. d3 c5 20. Rf4 Qe1 21. Be3
Qxf1+ 22. Kxf1 Bxd3+ 23. Kg1 Re5 24. a4 g5 25. Rg4 f6 26. bxc5 bxc5 27. a5 b6
28. Rga4 1/2-1/2

[Event "8th HD Bank Cup 2018"]
[Site "Hanoi VIE"]
[Date "2018.03.14"]
[Round "8.31"]
[White "Gomes, Mary Ann"]
[Black "Nguyen, Duc Hoa"]
[Result "0-1"]
[WhiteTitle "WGM"]
[BlackTitle "GM"]
[WhiteElo "2318"]
[BlackElo "2463"]
[WhiteFideId "5013623"]
[BlackFideId "12401358"]
[EventDate "2018.03.10"]

1. Nf3 Nf6 2. c4 e6 3. g3 d5 4. b3 c5 5. Bg2 Nc6 6. O-O Be7 7. Bb2 d4 8. e3 e5
9. exd4 exd4 10. Na3 O-O 11. Nc2 Bf5 12. d3 Qb6 13. Re1 Rfe8 14. Qd2 Bf8 15. Nh4
Bd7 16. h3 h6 17. g4 a5 18. Rab1 Ne5 19. f4 Nexg4 20. hxg4 Nxg4 21. Nf3 Qf6 22.
Ne5 Nxe5 23. fxe5 Rxe5 24. Rxe5 Qxe5 25. Re1 Qg3 26. Qf2 Qg6 27. Bc1 Ra6 28. Rf1
Re6 29. Ne1 Bd6 30. Bf4 Bxf4 31. Qxf4 Bc6 32. Qd2 Re3 33. Rf2 b6 34. Re2 Rg3 35.
Rf2 h5 36. Kf1 h4 37. Bxc6 Qxc6 38. Rg2 Re3 39. Qf2 h3 0-1

[Event "8th HD Bank Cup 2018"]
[Site "Hanoi VIE"]
[Date "2018.03.14"]
[Round "8.32"]
[White "Dang, Hoang Son"]
[Black "Laxman, R.R."]
[Result "1/2-1/2"]
[WhiteTitle "FM"]
[BlackTitle "GM"]
[WhiteElo "2317"]
[BlackElo "2457"]
[WhiteFideId "12402435"]
[BlackFideId "5005361"]
[EventDate "2018.03.10"]

1. d4 Nf6 2. c4 e6 3. Nf3 d5 4. g3 Bb4+ 5. Bd2 Bd6 6. Bg2 c6 7. Qc2 Ne4 8. Nc3
f5 9. Nxe4 fxe4 10. Ng1 Qf6 11. Bc3 O-O 12. f3 Qg6 13. O-O-O exf3 14. Nxf3 Qxc2+
15. Kxc2 dxc4 16. Ne5 b5 17. Nxc6 Nxc6 18. Bxc6 Rb8 19. a3 Rf2 20. Rd2 Bb7 21.
Bxb7 Rxb7 22. e4 Rf3 23. Ra1 Re3 24. e5 Be7 25. d5 exd5 26. Rxd5 Kf7 27. Rad1
Re2+ 28. R1d2 Rxd2+ 29. Kxd2 Ke6 30. Rd4 Bc5 31. Rd8 g6 32. Rc8 Kd5 33. Ke2 Rf7
34. Rd8+ Ke4 35. e6 Re7 36. Rd7 Rxe6 37. Rxh7 Kf5+ 38. Kd2 Be3+ 39. Kc2 Kg4 40.
b3 cxb3+ 41. Kxb3 Bg1 42. Bd4 Bxd4 43. Rh4+ Kf3 44. Rxd4 1/2-1/2